000 01282ngm a2200313 a 4500
003 BLK
005 20240529090451.0
008 180410b bul||n||s|||||||| m|bulo|
010 _aCDD00005126000
040 _aBLK
041 _aBUL
_cBUL
072 7 _2bullib
_aФ0601
_xИгрални филми Ф
080 _aХудожествени филмови жанрове
_b791.221/.228
_z791.221/.228
139 _aПартньори [видео DVD]
_bП 23
245 1 0 _aПартньори [видео DVD]
_cв ролите Уилям Хърт.
257 _aGBR
260 _aСофия
_bТандем видео
_c2008
300 _a(4,25 GB)(101 мин.)
_bзв. ; цв.
_c12 см
380 _a7
500 _aОриг. загл. Second Best. - Дигитално изд. - Системни изисквания : DVD ; Windows Media Player. - Формат на картина 4:3 PAL. - Съдържа и за филма ; Субтитри на бълг. ез. МК 53441-7/17.06.2008.
700 1 _aХърт, Уилям
_eв ролите
_9138796
852 _aЦб CD 2964
_p0
856 4 _qpdf
_u
856 4 _qpdf
_u
942 _cCDD
_n0
944 _aCR
_c30.09.2011
_k30553
_lИваничка Йорданова
944 _aED
_c07.10.2011
999 _c223399
_d223399
999 _d223399